| Tag |
First Indicator |
Second Indicator |
Subfields |
| LEADER |
00000cam a2200000 4500 |
| 001 |
in00000063017 |
| 005 |
20151008051132.0 |
| 008 |
711216s1927 nyu b 00000 eng u |
| 010 |
|
|
|a 27019400
|
| 035 |
|
|
|a (OCoLC)00183789
|
| 035 |
|
|
|9 AAG5957AM
|
| 040 |
|
|
|c CSU
|d TXA
|d UtOrBLW
|
| 049 |
|
|
|a TXAM
|c [118134]
|
| 050 |
|
0 |
|a JK1316
|b .H3
|
| 090 |
|
|
|a JK1316
|b .H3 1927
|
| 092 |
|
|
|a 329
|b H34p
|
| 100 |
1 |
|
|a Hasbrouck, Paul De Witt.
|
| 245 |
1 |
0 |
|a Party government in the House of representatives /
|c by Paul De Witt Hasbrouck, PH.D.
|
| 264 |
|
1 |
|a New York :
|b Macmillan,
|c 1927.
|
| 300 |
|
|
|a ix,265p. ;
|c 21cm.
|
| 336 |
|
|
|a text
|b txt
|2 rdacontent
|
| 337 |
|
|
|a unmediated
|b n
|2 rdamedia
|
| 338 |
|
|
|a volume
|b nc
|2 rdacarrier
|
| 500 |
|
|
|a Without thesis note.
|
| 502 |
|
|
|c Thesis (PH.D) - Columbia university
|d 1927.
|
| 504 |
|
|
|a Bibliography: pages 247-253.
|
| 610 |
1 |
0 |
|a United States.
|b Congress.
|b House.
|
| 650 |
|
0 |
|a Political parties
|z United States.
|
| 651 |
|
0 |
|a United States
|x Politics and government.
|
| 999 |
|
|
|a MARS
|
| 999 |
f |
f |
|s f2f0ab47-1c09-33c4-b022-e0bb2b9a7c20
|i 04649ebc-851f-3380-89f2-2090f2d3f23f
|t 0
|
| 952 |
f |
f |
|p ric
|a Texas A&M University
|b Rellis Campus
|c Joint Library Facility
|d Remote Storage
|t 0
|e JK1316 .H3 1927
|h Library of Congress classification
|i unmediated -- volume
|m A14800683059
|
| 998 |
f |
f |
|a JK1316 .H3 1927
|t 0
|l Remote Storage
|